13 Canadian License Plates Quiz Stats

 Plays Quiz Updated Apr 13, 2018

Also try: O Canada Lyrics
Challenge
Share
Tweet
Score 0/13 Timer 03:00
2 Plays Today
% Correct
Quebec
89.3%
Nova Scotia
71.6%
Northwest Territories
65.2%
British Columbia
65.2%
Yukon
63.2%
Saskatchewan
61.6%
Ontario
61.5%
Nunavut
60.1%
Alberta
58.6%
New Brunswick
55.5%
Manitoba
52.7%
Prince Edward Island
50.5%
Newfoundland and Labrador
42.1%

You're not logged in!

Compare scores with friends on all Sporcle quizzes.
OR
Log In

You Might Also Like...

Show Comments

Extras

Top Quizzes Today


Score Distribution

Your Account Isn't Verified!

In order to create a playlist on Sporcle, you need to verify the email address you used during registration. Go to your Sporcle Settings to finish the process.

Report this User

Report this user for behavior that violates our Community Guidelines.

Details: